• 首页
  • 本馆介绍
  • 公告通知
  • 最新文献
  • 馆藏检索
  • 电子资源
  • 读者导购
  • 参考咨询
  • 我的图书馆
  • 登录
  • 详细信息显示
  • 放入我的书架
  • 预约/预借图书
  • 作者相关作品
  • 分类相关作品
  • 丛书相关作品
  • 出版社相关作品

书目信息

  • 表格格式
  • 工作单格式
  • 卡片格式
题名:
一本让你爱不释手的俄罗斯简史
    
 
作者: 江乐兴 编著
分册:  
出版信息: 北京   北京工业大学出版社  2017
页数: 226页, [5] 页图版
开本: 23cm
丛书名:
单 册:
中图分类: K512.09 , K512
科图分类:
主题词:
电子资源:
ISBN: 978-7-5639-5126-0
000 00883nam0 2200241 450
001 1964420234
005 20170616133807.3
010    @a978-7-5639-5126-0@dCNY 38.00
099    @aCAL 012017096250
100    @a20170502d2017 em y0chiy50 ea
101 0  @achi
102    @aCN@b110000
105    @aabf z 000yy
200 1  @a一本让你爱不释手的俄罗斯简史@AYi Ben Rang Ni Ai Bu Shi Shou De E Luo Si Jian Shi@f江乐兴编著
210    @a北京@c北京工业大学出版社@d2017
215    @a226页, [5] 页图版@c图 (部分彩图), 地图, 肖像@d23cm
330    @a本书书写了俄罗斯从8世纪到现代的历史画卷,包含了政治、经济、文化、社会等内容。生动的文字配以精美的图片,详尽的史实让你深度了解俄罗斯的历史发展道路。
607    @a俄罗斯@AE Luo Si@x历史@j通俗读物
690    @aK512.09@v4
690    @aK512@v4
701  0 @a江乐兴@AJiang Le Xing@4编著
801  0 @aCN@bSEU@c20170613
905    @aBZT@dK512.09@e2
    
    一本让你爱不释手的俄罗斯简史/江乐兴编著.-北京:北京工业大学出版社,2017
    226页, [5] 页图版:图 (部分彩图), 地图, 肖像;23cm
    
    
    ISBN 978-7-5639-5126-0:CNY 38.00
    本书书写了俄罗斯从8世纪到现代的历史画卷,包含了政治、经济、文化、社会等内容。生动的文字配以精美的图片,详尽的史实让你深度了解俄罗斯的历史发展道路。
●
相关链接 在五车中查询图书 在当当中查询图书 在豆瓣中查询图书


正题名:一本让你爱不释手的俄罗斯简史     索取号:K512.09/2         预约/预借

序号 登录号 条形码 馆藏地/架位号 状态 备注
1 869686   2000869686   第二书库/ [索取号:K512.09/2] 在馆    
2 869687   2000869687   第二书库/ [索取号:K512.09/2] 在馆    
3 869688   2000869688   第二书库/ [索取号:K512.09/2] 在馆    
山东省滨州职业学院图书馆 欢迎您!
大连网信软件有限公司© 版权所有